000 01140naa a22003017a 4500
001 BR8803055
003 BR-BrBNA
005 20240918180113.0
007 ta
008 230509b bl.||||| |||| 00| 0 por d
040 _aBR-BrBNA
_bpor
_cBiblioteca Nacional de Agricultura
041 _a(Pt)
072 _aQ02
_b9530
090 _aQ02 BR8803055
100 1 _aBaruffaldi, R.
100 1 _aSchuch, R.
100 1 _aGioelli, L.A.
100 1 _aRizzotto, M.F.
111 1 _a4. Congresso Brasileiro de Ciencia e Tecnologia de Alimentos
_cRio de Janeiro, RJ (Brazil)
_d5-8 Oct 1980
245 1 _aUm metodo rapido para determinacao de gorduras em amostras vegetais
260 3 _aRio de Janeiro, RJ (Brasil):
_c1980.
500 _aAnais do 4. Congresso Brasileiro de Ciencia e Tecnologia de Alimentos Rio de Janeiro, RJ (Brasil): 1980. p. 431-433 (BR8803055-AM)Q02
650 _aGORDURA VEGETAL
650 _aEXTRACAO
773 0 _tAnais do 4. Congresso Brasileiro de Ciencia e Tecnologia de Alimentos
_wQ02 BR8803055
_gRio de Janeiro, RJ (Brasil), 1980. p. 431-433
909 _a202404
_bLucia
_c55
_dLucia Elande
942 _cAM
_2AGRIS
999 _c319244
_d319244